Nennen Sie ein Bundesland - Statistiken

Allgemein
  • Dieses Quiz wurde 262 mal gespielt
  • Das Durchschnittsergebnis liegt bei 15 aus 15
Antwortstatistiken
Beschreibung Bundesland % Korrekt
...an Bayern grenzt. Baden-Württemberg | Hessen | Sachsen | Thüringen
100%
...an Sachsen grenzt. Bayern | Brandenburg | Sachsen-Anhalt | Thüringen
100%
...von der Elbe durchflossen wird. Brandenburg | Hamburg | Niedersachsen | Sachsen | Sachsen-Anhalt | Schleswig-Holstein
100%
...an Hamburg grenzt. Niedersachsen | Schleswig-Holstein
100%
...an Frankreich grenzt. Baden-Württemberg | Rheinland-Pfalz | Saarland
99%
...an Tschechien grenzt. Bayern | Sachsen
99%
...an die Ostsee grenzt. Mecklenburg-Vorpommern | Schleswig-Holstein
99%
...an die Niederlande grenzt. Niedersachsen | Nordrhein-Westfalen
98%
...von der Donau durchflossen wird. Baden-Württemberg | Bayern
97%
...zwischen Platz 2 und 5 der Bundesländer mit der größten Bevölkerung liegt. Baden-Württemberg | Bayern | Hessen | Niedersachsen
97%
...zwischen Platz 2 und 5 der größten Bundesländer liegt. Baden-Württemberg | Brandenburg | Niedersachsen | Nordrhein-Westfalen
97%
...an das südwestlichste Bundesland grenzt. Bayern | Hessen | Rheinland-Pfalz
97%
...zwischen Platz 2 und 5 der kleinsten Bundesländer liegt. Berlin | Hamburg | Saarland | Schleswig-Holstein
97%
...an das nordöstlichste Bundesland grenzt. Brandenburg | Niedersachsen | Schleswig-Holstein
97%
...zwischen Platz 2 und 5 der Bundesländer mit der geringsten Bevölkerungsdichte liegt. Brandenburg | Niedersachsen | Sachsen-Anhalt | Thüringen
95%
Keine übereinstimmenden Quizze gefunden
Verteilung der Resultate
Anzahl Personen mit jedem Resultat
Perzentil nach korrekt beantworteten Fragen
Ihre Resultats-Entwicklung
Sie haben dieses Quiz noch nicht gespielt